La publicidad audiovisual: del blanco y negro a la web

Gorde:
Xehetasun bibliografikoak
Egile nagusia: Aprile, Orlando C (Egilea)
Formatua: Liburua
Hizkuntza:gaztelania
Argitaratua: Buenos Aires La Crugía 2008
Edizioa:1a. ed
Saila:Inclusiones Categorías
Gaiak:
Etiketak: Etiketa erantsi
Etiketarik gabe, Izan zaitez lehena erregistro honi etiketa jartzen!

MARC

LEADER 00000nam a2200000 a 4500
001 UCI9274
003 CL-VaPUC
008 081106e20080000AG |||||||||||||||||spa|d
020 |a 9789876010504 
082 0 4 |a 659.1  |b APR  |2 21 
100 0 |a Aprile, Orlando C  |e author  |9 532900 
245 1 3 |a La publicidad audiovisual: del blanco y negro a la web 
250 |a 1a. ed 
300 |a 156 p 
942 |c BK 
945 |d 20081106 00:00:00  |a rbrito 
260 |a Buenos Aires  |b La Crugía  |c 2008 
650 0 |a Publicidad  |9 314572 
650 0 |a Medios de comunicación de masas  |9 257273 
650 7 |a CAMPAÑA PUBLICITARIA  |2 CL-VaPUC  |9 532901 
650 0 |a Televisión  |9 256845 
583 |a last modification  |c 20081106 00:00:00  |k Rodrigo Vera 
490 0 |a Inclusiones Categorías 
999 |c 331841  |d 331839 
952 |0 0  |1 0  |4 0  |6 659_100000000000000_APR_2008  |7 0  |8 A  |9 419001  |a BIBCUR  |b BIBCUR  |d 2019-11-22  |i 4495373  |o 659.1 APR 2008  |p 4495373  |r 2025-04-22  |w 2019-11-22  |y BK  |k MGC 
952 |0 0  |1 0  |4 0  |6 659_100000000000000_APR_2008  |7 0  |8 A  |9 419002  |a BIBCUR  |b BIBCUR  |d 2019-11-22  |i 4668723  |l 1  |o 659.1 APR 2008  |p 4668723  |r 2025-04-22  |s 2024-08-29  |w 2019-11-22  |y BK  |k MGC